000 00412nam a22001697a 4500
005 20250417123451.0
008 250417b |||||||| |||| 00| 0 eng d
020 _a9781529342512
040 _aSDCL
_cSDCL
041 _2eng
_aeng
084 _aO-,3N55 R4
100 _aGrisham, John
245 _aCamino Ghosts
260 _aLondon :
_bHodder and Stoughton,
_c2024.
300 _a292p
942 _2CC
_cGB
_n0
999 _c1309099
_d1309099